<?xml version="1.0" encoding="UTF-8"?>
<record
    xmlns:xsi="http://www.w3.org/2001/XMLSchema-instance"
    xsi:schemaLocation="http://www.loc.gov/MARC21/slim http://www.loc.gov/standards/marcxml/schema/MARC21slim.xsd"
    xmlns="http://www.loc.gov/MARC21/slim">

  <leader>01899nam1a22003611i 4500</leader>
  <controlfield tag="001">RU\NLR\BIBL_A\022052099</controlfield>
  <controlfield tag="005">20260406111724.0</controlfield>
  <datafield tag="035" ind1=" " ind2=" ">
    <subfield code="a">(NLR Aleph) 022052099</subfield>
  </datafield>
  <datafield tag="090" ind1=" " ind2=" ">
    <subfield code="a">12600919</subfield>
    <subfield code="c">12600919</subfield>
  </datafield>
  <datafield tag="100" ind1=" " ind2=" ">
    <subfield code="a">20231017d1820    m  y0rusy50      ca</subfield>
  </datafield>
  <datafield tag="101" ind1="0" ind2=" ">
    <subfield code="a">rus</subfield>
    <subfield code="b">fre</subfield>
    <subfield code="c">eng</subfield>
  </datafield>
  <datafield tag="102" ind1=" " ind2=" ">
    <subfield code="a">RU</subfield>
  </datafield>
  <datafield tag="140" ind1=" " ind2=" ">
    <subfield code="a">y   y            eayaa0000  </subfield>
  </datafield>
  <datafield tag="200" ind1="1" ind2=" ">
    <subfield code="a">&#x41B;&#x443;&#x434;&#x43E;&#x432;&#x438;&#x43A;, &#x438;&#x43B;&#x438; &#x421;&#x44B;&#x43D; &#x447;&#x435;&#x43B;&#x43E;&#x432;&#x435;&#x43A;&#x430; &#x441; &#x433;&#x435;&#x43D;&#x438;&#x435;&#x43C;.</subfield>
    <subfield code="f">&#x41F;&#x435;&#x440;&#x435;&#x432;&#x435;&#x434;&#x435;&#x43D;&#x43E; &#x441; &#x430;&#x43D;&#x433;&#x43B;&#x438;&#x439;&#x441;&#x43A;&#x430;&#x433;&#x43E; &#x43D;&#x430; &#x444;&#x440;&#x430;&#x43D;&#x446;&#x443;&#x437;&#x441;&#x43A;&#x438;&#x439; &#x431;&#x430;&#x440;&#x43E;&#x43D;&#x435;&#x441;&#x441;&#x43E;&#x44E; &#x41C;&#x43E;&#x43D;&#x442;&#x43E;&#x43B;&#x44C;&#x435;.</subfield>
    <subfield code="g">&#x421; &#x444;&#x440;&#x430;&#x43D;&#x446;&#x443;&#x437;&#x441;&#x43A;&#x430;&#x433;&#x43E; &#x43A;&#x43D;&#x44F;&#x437;&#x435;&#x43C; &#x428;&#x430;&#x43B;&#x438;&#x43A;&#x43E;&#x432;&#x44B;&#x43C;</subfield>
  </datafield>
  <datafield tag="210" ind1=" " ind2=" ">
    <subfield code="a">&#x41C;&#x43E;&#x441;&#x43A;&#x432;&#x430;</subfield>
    <subfield code="c">&#x432; &#x422;&#x435;&#x430;&#x442;&#x440;&#x430;&#x43B;&#x44C;&#x43D;&#x43E;&#x439; &#x442;&#x438;&#x43F;&#x43E;&#x433;&#x440;&#x430;&#x444;&#x438;&#x438;</subfield>
    <subfield code="d">1820</subfield>
  </datafield>
  <datafield tag="215" ind1=" " ind2=" ">
    <subfield code="d">18&#xB0;</subfield>
  </datafield>
  <datafield tag="300" ind1=" " ind2=" ">
    <subfield code="a">&#x426;&#x435;&#x43D;&#x437;.: &#x41B;.&#x410;.&#x426;&#x432;&#x435;&#x442;&#x430;&#x435;&#x432;, 22 &#x430;&#x43F;&#x440;. 1819 &#x433;.</subfield>
  </datafield>
  <datafield tag="300" ind1=" " ind2=" ">
    <subfield code="a">&#x410;&#x432;&#x442;. &#x443;&#x441;&#x442;&#x430;&#x43D;&#x43E;&#x432;&#x43B;&#x435;&#x43D; &#x43F;&#x43E; &#x438;&#x437;&#x434;.: Barbier. 1873. V.2, p.1352</subfield>
  </datafield>
  <datafield tag="300" ind1=" " ind2=" ">
    <subfield code="a">&#x417;&#x430;&#x433;&#x43B;. &#x43E;&#x440;&#x438;&#x433;.: The son of a genius</subfield>
  </datafield>
  <datafield tag="300" ind1=" " ind2=" ">
    <subfield code="a">&#x41D;&#x430; &#x441;.[5] &#x447;.1 &#x43F;&#x43E;&#x441;&#x432;&#x44F;&#x449;. &#x43F;&#x435;&#x440;. &#x414;.&#x414;.&#x426;&#x438;&#x446;&#x438;&#x430;&#x43D;&#x43E;&#x432;&#x443;</subfield>
  </datafield>
  <datafield tag="300" ind1=" " ind2=" ">
    <subfield code="a">&#x41D;&#x430; &#x441;.[9-10] &#x438; &#x441;.1 &#x447;.1 &#x43F;&#x440;&#x435;&#x434;&#x438;&#x441;&#x43B;. &#x430;&#x432;&#x442;. &#x444;&#x440;. &#x43F;&#x435;&#x440;. &#x441; &#x43F;&#x43E;&#x434;&#x43F;&#x438;&#x441;&#x44C;&#x44E;: &#x418;&#x437;&#x430;&#x431;&#x435;&#x43B;&#x43B;&#x430; &#x41C;&#x43E;&#x43D;&#x442;&#x43E;&#x43B;&#x44C;&#x435;</subfield>
  </datafield>
  <datafield tag="620" ind1=" " ind2=" ">
    <subfield code="d">&#x41C;&#x43E;&#x441;&#x43A;&#x432;&#x430;</subfield>
  </datafield>
  <datafield tag="700" ind1=" " ind2="1">
    <subfield code="a">&#x425;&#x43E;&#x444;&#x43B;&#x430;&#x43D;&#x434;</subfield>
    <subfield code="b">&#x411;.</subfield>
    <subfield code="f">1770-1844</subfield>
    <subfield code="g">&#x411;&#x430;&#x440;&#x431;&#x430;&#x440;&#x430;</subfield>
  </datafield>
  <datafield tag="702" ind1=" " ind2="1">
    <subfield code="4">730</subfield>
    <subfield code="8">rus</subfield>
    <subfield code="7">ca</subfield>
    <subfield code="a">&#x428;&#x430;&#x43B;&#x438;&#x43A;&#x43E;&#x432;</subfield>
    <subfield code="b">&#x41F;. &#x418;.</subfield>
    <subfield code="f">1768-1852</subfield>
    <subfield code="g">&#x41F;&#x435;&#x442;&#x440; &#x418;&#x432;&#x430;&#x43D;&#x43E;&#x432;&#x438;&#x447;</subfield>
    <subfield code="3">RU\NLR\AUTH\7794525</subfield>
    <subfield code="9">77451</subfield>
  </datafield>
  <datafield tag="702" ind1=" " ind2="1">
    <subfield code="4">730</subfield>
    <subfield code="7">ca</subfield>
    <subfield code="8">rus</subfield>
    <subfield code="a">&#x41C;&#x43E;&#x43D;&#x442;&#x43E;&#x43B;&#x44C;&#x435;</subfield>
    <subfield code="b">&#x418;. &#x434;&#x435;</subfield>
    <subfield code="f">1751-1832</subfield>
    <subfield code="g">&#x418;&#x437;&#x430;&#x431;&#x435;&#x43B;&#x43B;&#x430; &#x434;&#x435;</subfield>
    <subfield code="9">253215</subfield>
    <subfield code="3">RU\NLR\AUTH\770253271</subfield>
  </datafield>
  <datafield tag="702" ind1=" " ind2="1">
    <subfield code="4">190</subfield>
    <subfield code="8">rus</subfield>
    <subfield code="7">ca</subfield>
    <subfield code="a">&#x426;&#x432;&#x435;&#x442;&#x430;&#x435;&#x432;</subfield>
    <subfield code="b">&#x41B;. &#x410;.</subfield>
    <subfield code="f">1777-1835</subfield>
    <subfield code="g">&#x41B;&#x435;&#x432; &#x410;&#x43B;&#x435;&#x43A;&#x441;&#x435;&#x435;&#x432;&#x438;&#x447;</subfield>
    <subfield code="3">RU\NLR\AUTH\77123001</subfield>
    <subfield code="9">105926</subfield>
  </datafield>
  <datafield tag="702" ind1=" " ind2="1">
    <subfield code="a">&#x426;&#x438;&#x446;&#x438;&#x430;&#x43D;&#x43E;&#x432;</subfield>
    <subfield code="b">&#x414;.&#x414;.</subfield>
    <subfield code="g">&#x414;&#x43C;&#x438;&#x442;&#x440;&#x438;&#x439; &#x414;&#x43C;&#x438;&#x442;&#x440;&#x438;&#x435;&#x432;&#x438;&#x447;</subfield>
    <subfield code="4">280</subfield>
  </datafield>
  <datafield tag="712" ind1="0" ind2="0">
    <subfield code="4">610</subfield>
    <subfield code="a">&#x41F;&#x43B;&#x430;&#x432;&#x438;&#x43B;&#x44C;&#x449;&#x438;&#x43A;&#x43E;&#x432;,</subfield>
    <subfield code="c">&#x41F;&#x435;&#x442;&#x435;&#x440;&#x431;&#x443;&#x440;&#x433;</subfield>
    <subfield code="g">&#x412;. &#x410;.,</subfield>
    <subfield code="h">&#x442;&#x438;&#x43F;&#x43E;&#x433;&#x440;&#x430;&#x444;&#x438;&#x44F;</subfield>
    <subfield code="9">517304</subfield>
    <subfield code="3">RU\NLR\AUTH\880426395</subfield>
  </datafield>
  <datafield tag="852" ind1=" " ind2=" ">
    <subfield code="a">NLR</subfield>
    <subfield code="j">18.227.6.12-1-2</subfield>
  </datafield>
  <datafield tag="942" ind1=" " ind2=" ">
    <subfield code="c">BOOK</subfield>
  </datafield>
  <datafield tag="980" ind1=" " ind2=" ">
    <subfield code="a">A1XIXv</subfield>
  </datafield>
</record>
